|
|
|
|
| LEADER |
00000nas a22000001a 4500 |
| 001 |
vtls010301364 |
| 003 |
SK-MaSNL |
| 005 |
20260228161946.0 |
| 008 |
110810d19551956xo mr p r 0 b0slo |
| 015 |
|
|
|a SNBDS17XX9999
|
| 015 |
|
|
|a 0453
|2 Balúnová 1945-60
|
| 038 |
|
|
|a SNKBUDS
|
| 040 |
|
|
|a SNK
|b slo
|c SNK
|e AACR2
|
| 041 |
0 |
|
|a slo
|
| 044 |
|
|
|a xo
|c SK
|
| 080 |
|
|
|a 64
|2 2001
|
| 245 |
0 |
0 |
|a Chozrasčot v miestnom hospodárstve
|
| 260 |
|
|
|a Bratislava
|b Povereníctvo miestneho hospodárstva Bratislava
|c 1955-1956
|
| 300 |
|
|
|a 2 roč.
|c 21 x 30 cm
|
| 310 |
|
|
|a 1x mesačne
|
| 362 |
0 |
|
|a Roč. I, č. 1 (nov. 1955)-roč. II, č. 3 (febr. 1956)
|
| 500 |
|
|
|a Vych. v Bratislave mesačne
|
| 500 |
|
|
|a Ved. red. Rudolf Ondruš
|
| 500 |
|
|
|a Vyd. Povereníctvo miestneho hospodárstva
|
| 500 |
|
|
|a Tlač. Polygrafické závody 3, Trnava
|
| 500 |
|
|
|a Vych. od nov. 1955 do febr. 1956 ako príl. Prevádzkového zpravodajstva. Číslovanie priebežné (č. 3 z febr. 1956)
|
| 505 |
8 |
0 |
|g Roč. 1955 2 č. po 6-8 s.
|
| 505 |
8 |
0 |
|g Roč. 1956 1 č. [č. 3] 6 s.
|
| 650 |
0 |
7 |
|a hospodárstvo
|2 SNKPH
|9 14275
|
| 655 |
|
7 |
|a hospodárske časopisy
|2 SNKBUDS
|9 265246
|
| 700 |
1 |
|
|a Ondruš, Rudolf
|4 pbd
|9 269662
|
| 710 |
1 |
|
|a Slovensko (Československo). Povereníctvo miestneho hospodárstva
|9 270087
|
| 710 |
2 |
|
|a Polygrafické závody (Bratislava, Slovensko).
|b Závod Trnava
|9 145642
|
| 772 |
0 |
|
|t Prevádzkové zpravodajstvo
|
| 852 |
|
|
|a SNK
|b 10000
|h ČSB 709
|
| 852 |
|
|
|a UKB
|b 300000
|h SB 1587
|
| 852 |
|
|
|a SVKKK
|b 900000
|h C 448
|
| 999 |
|
|
|c 6239
|d 8169
|